2012-13 UEFA Champions League Qualifiers - Statistics

General Stats
  • This quiz has been taken 600 times
    584 since last reset
  • The average score is 30 of 76
Answer Stats
Team Method of Qualification % Correct
Barcelona 2011-12 La Liga Runner-Up
99%
Manchester United 2011-12 English Premier League Runner-Up
98%
Real Madrid 2011-12 La Liga Champion
98%
Chelsea Title Holder
96%
Manchester City 2011-12 English Premier League Champion
96%
Bayern Munich 2011-12 Bundesliga Runner-Up
95%
Arsenal 2011-12 English Premier League 3rd Place
94%
Borussia Dortmund 2011-12 Bundesliga Champion
92%
Juventus 2011-12 Serie A Champion
90%
Milan 2011-12 Serie A Runner-Up
89%
Valencia 2011-12 La Liga 3rd Place
85%
Paris Saint-Germain 2011-12 League 1 Runner-Up
83%
Celtic 2011-12 Scottish Premier League Champion
80%
Ajax 2011-12 Eredivisie Champion
74%
Benfica 2011-12 Primeira Liga Runner-Up
72%
Porto 2011-12 Primeira Liga Champion
72%
Schalke 04 2011-12 Bundesliga 3rd Place
71%
Zenit St. Petersburg 2011-12 Russian Premier League Champion
67%
Olympiacos 2011-12 Superleague Greece Champion
58%
Lille 2011-12 League 1 3rd Place
57%
Anderlecht 2011-12 Belgian Pro League Champion
55%
Malaga 2011-12 La Liga 4th Place
55%
Feyenoord 2011-12 Eredivisie Runner-Up
54%
Spartak Moscow 2011-12 Russian Premier League Runner-Up
54%
Basel 2011-12 Swiss Super League Champion
53%
Dynamo Kyiv 2011-12 Ukrainian Premier League Runner-Up
53%
Braga 2011-12 Primeira Liga 3rd Place
50%
Montpellier 2011-12 League 1 Champion
49%
Galatasaray 2011-12 Super Lig Champion
48%
Shakhtar Donetsk 2011-12 Ukrainian Premier League Champion
48%
Copenhagen 2011-12 Danish Superliga Runner Up
46%
Club Brugge 2011-12 Belgian Pro League Runner-Up
44%
Panathinaikos 2011-12 Superleague Greece Runner-Up
42%
BATE Borisov 2011 Belarusian Premier League Champion
39%
Fenerbahce 2011-12 Super Lig Runner-Up
38%
Red Bull Salzburg 2011-12 Austrian Football Bundesliga Champion
37%
Udinese 2011-12 Serie A 3rd Place
35%
Borussia Monchengladbach 2011-12 Bundesliga 4th Place
32%
Partizan 2011-12 Serbian SuperLiga Champion
32%
AEL Limassol 2011-12 Cypriot First Division Champion
29%
Dinamo Zagreb 2011-12 Prva HNL Champion
27%
Ironi Kiryat Shmona 2011-12 Israeli Premier League Champion
27%
Maribor 2011-12 Slovenian PrvaLiga Champion
24%
Molde 2011 Norwegian Premier League Champion
24%
Motherwell 2011-12 Scottish Premier League 3rd Place
23%
CFR Cluj 2011-12 Liga 1 Champion
21%
Slovan Liberec 2011-12 Gambrinus Liga Champion
20%
KR Reykjavik 2011 Urvalsdeild Champion
19%
Shamrock Rovers 2011 League of Ireland Premier Division Champion
19%
Nordsjaelland 2011-12 Danish Superliga Champion
18%
Sheriff Tiraspol 2011-12 Moldovan National Division Champion
18%
HJK Helsinki 2011 Veikkausliiga Champion
16%
The New Saints 2011-12 Welsh Premier League Champion
14%
Buducnost Podgorica 2011-12 Montenegrin First League Champion
12%
F91 Dudelange 2011-12 Luxembourg National Division Champion
12%
Ludogorets Razgrad 2011-12 A PFG Champion
12%
Zilina 2011-12 Slovak First Football League Champion
12%
Debrecen 2011-12 Nemzeti Bajnoksag 1 Champion
10%
Helsingborg 2011 Allsvenskan Champion
10%
Slask Wroclaw 2011-12 Ekstraklasa Champion
10%
Vardar 2011-12 First Macedonian Football League Champion
10%
Zeljeznicar 2011-12 Premier League of Bosnia and Herzegovina Champion
10%
Flora Tallinn 2011 Meistriliiga Champion
9%
Skenderbeu Korce 2011-12 Albanian Superliga Champion
9%
Linfield 2011-12 IFA Premiership Champion
8%
Neftchi Baku 2011-12 Azerbaijan Premier League Champion
8%
Valletta 2011-12 Maltese Premier League Champion
8%
B36 Torshavn 2011 Faroe Islands Premier League Champion
7%
Ventspils 2011 Latvian Higher League Champion
7%
Tre Penne 2011-12 Campionato Sammarinese Di Calcio Champion
6%
Vaslui 2011-12 Liga 1 Runner-Up
5%
Ekranas 2011 A Lyga Champion
4%
Lusitanos 2011-12 Primera Divisio Champion
4%
Shakhter Karagandy 2011 Kazakhstan Premier League Champion
4%
Zestafoni 2011-12 Umaglesi Liga Champion
4%
Ulisses 2011 Armenian Premier League Champion
3%
No matching quizzes found
Score Distribution
Percent of People with Each Score
Percentile by Number Answered
Your Score History
You have not taken this quiz since the last reset